La inducción.
Guardat en:
| Autor principal: | |
|---|---|
| Format: | Llibre |
| Idioma: | espanyol |
| Publicat: |
Santiago, Chile:
Universitaria,
1978-1981.
|
| Edició: | 1a. edición. |
| Col·lecció: | Fascículos para la Comprensión de la Ciencia, las Humanidades y la Tecnología, 44.
|
| Matèries: | |
| Etiquetes: |
Afegir etiqueta
Sense etiquetes, Sigues el primer a etiquetar aquest registre!
|
MARC
| LEADER | 00000nam a2200000 a 4500 | ||
|---|---|---|---|
| 001 | UCX7659 | ||
| 003 | CL-VaPUC | ||
| 005 | 20220822114324.0 | ||
| 008 | 931223e19780000CL |||||||||||||||||spa|d | ||
| 999 | |c 227425 |d 227423 | ||
| 040 | |c Pontificia Universidad Católica de Valparaíso | ||
| 082 | 0 | 4 | |a 161 EST 1978 (v.I) |2 21 |
| 082 | 0 | 4 | |a 161 EST 1981 (v.II) |
| 100 | 0 | |a Estrella, Jorge |e autor |9 324565 | |
| 245 | 1 | 3 | |a La inducción. |
| 250 | |a 1a. edición. | ||
| 260 | |a Santiago, Chile: |b Universitaria, |c 1978-1981. | ||
| 300 | |a 2 Volúmenes. | ||
| 490 | 0 | |a Fascículos para la Comprensión de la Ciencia, las Humanidades y la Tecnología, 44. | |
| 500 | |a c.5 Donación Familia Prof. Alejandro Guzmán Brito. | ||
| 505 | |a v.I: El análisis tradicional. v.II: El análisis contemporáneo. | ||
| 583 | |a last modification |c 19931223 00:00:00 |k Rodrigo Vera | ||
| 650 | 0 | |a Inducción |9 324566 | |
| 650 | 0 | |a Lógica |9 256849 | |
| 650 | 0 | |a Filosofía de las ciencias |9 256466 | |
| 942 | |c BK |2 ddc |n 0 | ||
| 945 | |d 19931223 00:00:00 |a aalvarez | ||
| 952 | |0 0 |1 0 |4 0 |6 161_000000000000000_EST_1978 |7 0 |8 A |9 226442 |a BIBHIS |b BIBHIS |d 2019-11-15 |h v.1 |i 295527K |o 161 EST 1978 |p 295527K |r 2025-01-20 |w 2019-11-15 |y BK |k HIS | ||
| 952 | |0 0 |1 0 |4 0 |6 161_000000000000000_EST_1978 |7 0 |8 A |9 226443 |a BIBHIS |b BIBHIS |d 2019-11-15 |h v.2 |i 2955261 |o 161 EST 1978 |p 2955261 |r 2025-01-20 |w 2019-11-15 |y BK |k HIS | ||
| 952 | |0 0 |1 0 |4 0 |6 161_000000000000000_EST_1978 |7 0 |8 A |9 226444 |a BIBMAT |b BIBMAT |d 2019-11-15 |h v.1 |i 307742K |o 161 EST 1978 |p 307742K |r 2025-01-07 |w 2019-11-15 |y BK |k MAT | ||
| 952 | |0 0 |1 0 |4 0 |6 161_000000000000000_EST_1978 |7 0 |8 A |9 226445 |a BIBMAT |b BIBMAT |d 2019-11-15 |h v.2 |i 3077438 |o 161 EST 1978 |p 3077438 |r 2025-01-07 |w 2019-11-15 |y BK |k MAT | ||
| 952 | |0 0 |1 0 |4 0 |6 161_000000000000000_EST_1978 |7 0 |8 A |9 226446 |a BIBEDU |b BIBEDU |d 2019-11-15 |h v.1 |i 156370K |o 161 EST 1978 |p 156370K |r 2019-11-15 |w 2019-11-15 |y BK |k FIL | ||
| 952 | |0 0 |1 0 |4 0 |6 161_000000000000000_EST_1978 |7 0 |8 A |9 226447 |a BIBEDU |b BIBEDU |d 2019-11-15 |h v.1 |i 3241718 |o 161 EST 1978 |p 3241718 |r 2019-11-15 |w 2019-11-15 |y BK |k FIL | ||
| 952 | |0 0 |1 0 |4 0 |6 161_000000000000000_EST_1978 |7 0 |8 A |9 226448 |a BIBEDU |b BIBEDU |d 2019-11-15 |h v.2 |i 1563718 |o 161 EST 1978 |p 1563718 |r 2019-11-15 |w 2019-11-15 |y BK |k FIL | ||
| 952 | |0 0 |1 0 |4 0 |6 161_000000000000000_EST_1978 |7 0 |8 A |9 226449 |a BIBEDU |b BIBEDU |d 2019-11-15 |h v.2 |i 1563726 |o 161 EST 1978 |p 1563726 |r 2019-11-15 |w 2019-11-15 |y BK |k FIL | ||
| 952 | |0 0 |1 0 |2 ddc |4 0 |6 161_000000000000000_EST_1981 |7 1 |8 C_AGB |9 580795 |a BIBDER |b BIBDER |d 2022-01-24 |e Donación |h v.II |i 5641373 |o 161 EST 1981 |p 5641373 |r 2023-01-25 |t 5 |w 2022-01-24 |y BK_US |k AGB | ||